|
|
|
|
| LEADER |
00000nam0a2200000 4500 |
| 001 |
154177 |
| 005 |
20231101221738.0 |
| 010 |
|
|
|a 9785901679920
|
| 035 |
|
|
|a (RuTPU)RU\TPU\book\167238
|
| 090 |
|
|
|a 154177
|
| 100 |
|
|
|a 20090224d2008 km y0rusy50 ca
|
| 101 |
0 |
|
|a rus
|
| 102 |
|
|
|a RU
|
| 105 |
|
|
|a af z 000zy
|
| 200 |
1 |
|
|a Феномен блокадного Ленинграда
|f Н. Я. Комаров
|
| 210 |
|
|
|a Москва
|c Кучково поле
|d 2008
|
| 215 |
|
|
|a 592 с.
|c ил.
|
| 330 |
|
|
|a На основе документальных материалов Государственного Комитета Обороны, Ставки Верховного Главнокомандования, военных советов фронтов Северо-Западного стратегического направления, спецсообщений НКГБ и НКВД и других архивных материалов, а также многочисленных воспоминаний очевидцев раскрываются малоизвестные страницы, связанные с битвой за Ленинград и жизнью осажденного города.
|
| 606 |
1 |
|
|a Ленинградская блокада
|2 stltpush
|3 (RuTPU)RU\TPU\subj\66921
|9 82897
|
| 610 |
1 |
|
|a Россия
|
| 610 |
1 |
|
|a история
|
| 610 |
1 |
|
|a 20 век
|
| 610 |
1 |
|
|a Великая Отечественная война 1941-1945
|
| 610 |
1 |
|
|a Ленинград
|
| 610 |
1 |
|
|a блокада
|
| 686 |
|
|
|a Т3(2)622,11(2-2СПб)
|v LBC/SL-A
|2 rubbk
|
| 700 |
|
1 |
|a Комаров
|b Н. Я.
|g Николай Яковлевич
|
| 801 |
|
1 |
|a RU
|b 63413507
|c 20090224
|g PSBO
|
| 801 |
|
2 |
|a RU
|b 63413507
|c 20180601
|g PSBO
|
| 942 |
|
|
|c BK
|
| 959 |
|
|
|a 30/20090218
|d 1
|e 517,77
|f ЧЗГЛ:1
|